|
|
|
|
| LEADER |
00639nam a22002051a 4500 |
| 020 |
|
|
|c 0.00
|
| 040 |
|
|
|a SSUS - Library - Kalady
|
| 082 |
|
|
|a H100 9
|b VIJ/K
|
| 100 |
|
|
|a Vijendra
|
| 245 |
|
|
|a Kavi ke antaryatra
|h [Text]
|
| 260 |
|
|
|a New Delhi
|b Shilpayan
|c 2008
|
| 300 |
|
|
|a 344p.
|
| 600 |
|
|
|a Literature Hindi
|
| 600 |
|
|
|a Literature
|
| 600 |
|
|
|a Poetry Hindi Criticism
|
| 600 |
|
|
|a Poetry Vijendra Criticism
|
| 852 |
|
|
|h H100 9
|i VIJ/K
|p 060972
|9 350.00
|t 0
|
| 942 |
|
|
|c BK
|
| 999 |
|
|
|c 23451
|d 23451
|
| 952 |
|
|
|0 0
|1 0
|4 0
|6 H_100_900000000000000_VIJ_K
|7 0
|9 33380
|a SSUS
|b SSUS
|d 2015-01-08
|g 350.00
|o H100 9 VIJ/K
|p 060972
|r 2015-01-08
|v 0.00
|w 2015-01-08
|y BK
|